Famosos - Statistics

Estatísticas Gerais
  • Esse quiz foi jogado 273 vezes
  • A pontuação média é 9 de 15
Estatísticas das Respostas
Imagem Resposta % Correto
Tom Holland
92%
Angelina Jolie
87%
Camila Cabello
84%
Emma Watson
80%
Shawn Mendes
79%
Chris Evans
71%
Andrew Garfield
67%
Gal Gadot
67%
Emma Stone
65%
Daniel Radcliffe
55%
Chris Pratt
52%
Kristen Stewart
47%
Taylor Lautner
44%
Evanna Lynch
15%
Jennifer Morrison
10%
Nenhum quiz correspondente encontrado
Distribuição das Pontuações
Porcentagem de Pessoas com Cada Pontuação
Percentil de Números Respondidos
Sua Pontuação Histórica
Você não jogou esse quiz